[Event "POL-ch U16 Girls"]
[Site "Jastrzebia Gora"]
[Date "2023.??.??"]
[Round "8"]
[White "Butkiewicz, Hanna"]
[Black "Lach, Alicja"]
[Result "1-0"]
[WhiteElo "1120"]
[BlackElo "1231"]
[PlyCount "63"]
[EventDate "2023.03.11"]
[EventType "swiss"]
[EventRounds "9"]
[EventCountry "POL"]
[SourceTitle "CBM 213 Extra"]
[Source "ChessBase"]
[SourceDate "2023.05.31"]
[SourceVersion "1"]
[SourceVersionDate "2023.05.31"]
[SourceQuality "1"]

1. e4 c5 2. Nf3 Nc6 3. d4 cxd4 4. Nxd4 g6 5. Nc3 Bg7 6. Nxc6 bxc6 7. Bd3 d6 8. 0-0 Nf6 9. Kh1 0-0 10. h3 Be6 11. f4 d5 12. Qf3 d4 13. Ne2 c5 14. b3 Rc8 15. c3 dxc3 16. Nxc3 c4 17. bxc4 Bxc4 18. Bxc4 Rxc4 19. e5 Nd7 20. Rd1 Qc8 21. Qd3 Nb6 22. Ne2 Qc7 23. Ba3 Qb7 24. Rab1 Rfc8 25. Rdc1 Rxc1+ 26. Bxc1 e6 27. Be3 Qc7 28. Qa6 Qc2 29. Rc1 Qe4 30. Rxc8+ Nxc8 31. Qxc8+ Bf8 32. Bc5 1-0

[Event "POL-ch U16 Girls"]
[Site "Jastrzebia Gora"]
[Date "2023.??.??"]
[Round "2"]
[White "Gajec, Roza"]
[Black "Butkiewicz, Hanna"]
[Result "0-1"]
[WhiteElo "1341"]
[BlackElo "1120"]
[PlyCount "128"]
[EventDate "2023.03.11"]
[EventType "swiss"]
[EventRounds "9"]
[EventCountry "POL"]
[SourceTitle "CBM 213 Extra"]
[Source "ChessBase"]
[SourceDate "2023.05.31"]
[SourceVersion "1"]
[SourceVersionDate "2023.05.31"]
[SourceQuality "1"]

1. e4 e5 2. Nf3 Nc6 3. Bb5 Nf6 4. 0-0 d6 5. Re1 Bg4 6. c3 a6 7. Ba4 Be7 8. h3 Bh5 9. d3 0-0 10. Nbd2 Nd7 11. Nf1 Bh4 12. Ng3 Bxf3 13. Qxf3 Nc5 14. Bc2 g6 15. Bh6 Re8 16. Qg4 Ne6 17. Bb3 Bg5 18. Bxg5 Nxg5 19. h4 Ne6 20. Re3 Nf4 21. h5 Na5 22. hxg6 hxg6 23. Bc2 Kh7 24. Ne2 Nxe2+ 25. Qxe2 Rh8 26. Rh3+ Kg7 27. Qg4 Rxh3 28. Qxh3 Qe7 29. g3 Rh8 30. Qg4 Rh5 31. b4 Nc6 32. Bd1 Qd8 33. Qf3 Qh8 34. Qg2 Rh7 35. Bb3 Qd8 36. Qf3 Kf8 37. Kg2 Qd7 38. Rh1 Rxh1 39. Kxh1 Nd8 40. Qf6 Kg8 41. Qxg6+ Kf8 42. Qh6+ Ke7 43. Qg5+ Kf8 44. Kg2 Ke8 45. Qg8+ Ke7 46. f4 exf4 47. gxf4 Qc6 48. Qg5+ Ke8 49. Qf6 Qb5 50. Bc4 Qh5 51. d4 Qg4+ 52. Kf2 Qd1 53. Qh8+ Ke7 54. d5 Qd2+ 55. Kf3 f6 56. Qg7+ Nf7 57. e5 Qxc3+ 58. Kg2 fxe5 59. Be2 Qd2 60. Qg4 Qxd5+ 61. Kh2 Qxa2 62. Kh3 Qe6 63. f5 Qh6+ 64. Kg2 Qg5 0-1

[Event "POL-ch U16 Girls"]
[Site "Jastrzebia Gora"]
[Date "2023.??.??"]
[Round "7"]
[White "Niedorys, Karolina"]
[Black "Butkiewicz, Hanna"]
[Result "1-0"]
[WhiteElo "1458"]
[BlackElo "1120"]
[PlyCount "51"]
[EventDate "2023.03.11"]
[EventType "swiss"]
[EventRounds "9"]
[EventCountry "POL"]
[SourceTitle "CBM 213 Extra"]
[Source "ChessBase"]
[SourceDate "2023.05.31"]
[SourceVersion "1"]
[SourceVersionDate "2023.05.31"]
[SourceQuality "1"]

1. e4 e5 2. Nf3 Nc6 3. Bc4 Bc5 4. d3 h6 5. c3 Nf6 6. Nbd2 d6 7. 0-0 0-0 8. h3 Re8 9. Re1 a6 10. Nf1 Ne7 11. Qb3 Rf8 12. d4 exd4 13. cxd4 Ba7 14. e5 Nh7 15. Ng3 d5 16. Bd3 Re8 17. Qc2 Nf8 18. Nh5 Nc6 19. Qd2 Nxd4 20. Nxd4 Bxd4 21. Nxg7 Kxg7 22. Qxh6+ Kg8 23. Bg5 Re6 24. Qh4 Bxf2+ 25. Kxf2 Qe8 26. Bf6 1-0

[Event "POL-ch U13 Girls Qual"]
[Site "Jastrzebia Gora"]
[Date "2021.11.21"]
[Round "9"]
[White "Butkiewicz, Hanna"]
[Black "Najdecka, Laura"]
[Result "0-1"]
[WhiteElo "1090"]
[BlackElo "1130"]
[PlyCount "104"]
[EventDate "2021.11.15"]
[EventType "swiss"]
[EventRounds "9"]
[EventCountry "POL"]
[SourceTitle "EXT 2023"]
[Source "ChessBase"]
[SourceDate "2022.10.05"]
[SourceVersion "1"]
[SourceVersionDate "2022.10.05"]
[SourceQuality "1"]

1. e4 c5 2. Nc3 e6 3. Nf3 a6 4. a3 b5 5. d3 Bb7 6. Be2 d6 7. 0-0 Nf6 8. Bg5 Be7 9. Qd2 0-0 10. Rfe1 h6 11. Bh4 Nc6 12. h3 Nd7 13. Bxe7 Qxe7 14. Na2 Nd4 15. Nxd4 cxd4 16. Rad1 Nf6 17. Bf3 e5 18. Rc1 d5 19. exd5 Bxd5 20. Bxd5 Nxd5 21. c3 Qd6 22. cxd4 exd4 23. Re4 Nf6 24. Re2 Rfe8 25. Rxe8+ Rxe8 26. Nb4 a5 27. Nc6 a4 28. Nb4 Nd5 29. Nxd5 Qxd5 30. Re1 Rxe1+ 31. Qxe1 g6 32. Qe4 Qxe4 33. dxe4 Kg7 34. Kf1 Kf6 35. Ke2 Ke5 36. Kd3 f6 37. g3 g5 38. f3 h5 39. Ke2 h4 40. gxh4 gxh4 41. Kd3 f5 42. f4+ Kxf4 43. exf5 Kxf5 44. Kxd4 Kf4 45. Kd3 Kg3 46. Ke3 Kxh3 47. Kf3 Kh2 48. Kf2 h3 49. Kf1 Kg3 50. Kg1 Kf3 51. Kh2 Ke2 52. Kxh3 Kd2 0-1

[Event "POL-ch U13 Girls Qual"]
[Site "Jastrzebia Gora"]
[Date "2021.11.20"]
[Round "8"]
[White "Kicinska, Anna"]
[Black "Butkiewicz, Hanna"]
[Result "1-0"]
[WhiteElo "1238"]
[BlackElo "1090"]
[PlyCount "107"]
[EventDate "2021.11.15"]
[EventType "swiss"]
[EventRounds "9"]
[EventCountry "POL"]
[SourceTitle "EXT 2023"]
[Source "ChessBase"]
[SourceDate "2022.10.05"]
[SourceVersion "1"]
[SourceVersionDate "2022.10.05"]
[SourceQuality "1"]

1. d4 d5 2. Nf3 Nc6 3. Bg5 h6 4. Bh4 Bf5 5. e3 Nf6 6. c3 e6 7. Bd3 Bxd3 8. Qxd3 Be7 9. 0-0 Ne4 10. Bxe7 Nxe7 11. Qb5+ Qd7 12. Qxb7 0-0 13. Ne5 Qd6 14. Qb3 Rfb8 15. Qc2 Nc6 16. Nd3 a5 17. b3 Na7 18. c4 dxc4 19. Qxc4 Rb6 20. Qc2 Rc6 21. Qe2 f6 22. f3 Ng5 23. Nd2 e5 24. Nc4 Qe7 25. dxe5 fxe5 26. Ndxe5 Rc5 27. Nd3 Rd5 28. Nf4 Rf5 29. Qd3 Rc5 30. Rad1 Ne6 31. Nd5 Qf7 32. Qe4 Re8 33. Qb1 c6 34. Nd6 Qf8 35. Nxe8 cxd5 36. Qg6 Nd8 37. Qd6 Qxd6 38. Nxd6 Nf7 39. Nxf7 Kxf7 40. Rd2 Nb5 41. Kf2 g5 42. Kg3 h5 43. h4 gxh4+ 44. Kxh4 Nc7 45. Rh1 Ne6 46. Kg3 Ng7 47. Kf2 Ke6 48. Re1 Kf6 49. e4 dxe4 50. Rxe4 Ne6 51. Rd6 Re5 52. Rxe6+ Kxe6 53. Rxe5+ Kxe5 54. Ke3 1-0